Timoteo Pérez Rubio 1896-1977 (Record no. 2159)

MARC details
000 - LÍDER
campo de control de longitud fija 00992nam a2200205Ia 4500
008 - ELEMENTOS DE DATOS DE LONGITUD FIJA - INFORMACIÓN GENERAL
campo de control de longitud fija 0000001996 sp a 0000000000spa00
020 ## - INTERNATIONAL STANDARD BOOK NUMBER
International Standard Book Number 8476713258
090 ## - NÚMERO DE LLAMADA DE TIPO LC LOCALMENTE ASIGNADO (OCLC)
Número de clasificación (OCLC) (R) PSP00 P27t1
100 1# - ENTRADA PRINCIPAL - NOMBRE PERSONAL
Nombre de la persona Pérez Rubio, Timoteo
Fechas asociadas a un nombre 1896
245 10 - TÍTULO DECLARACIÓN
Título Timoteo Pérez Rubio 1896-1977
Declaración de responsabilidad / coordinación Obdulia Vélez Izquierdo, Miguel Pedrazo Polo ; comisario Antonio Franco Domínguez
260 ## - PUBLICACIÓN, DISTRIBUCIÓN
Lugar de publicación Badajoz : Museo Extremeño e Iberoamericano de Arte Contemporáneo
Fecha de publicación 1996
300 ## - DESCRIPCIÓN FÍSICA
Alcance 208 p.
Dimensiones / 30 cm.
500 ## - NOTA GENERAL
Nota general Texto bilingue: español portugués \ Con el patronazgo del maestro venezolano Jesús Rafael Soto (q.e.p.d.)
600 00 - ENTRADA DE SUJETO AÑADIDO - NOMBRE PERSONAL
Nombre de la persona PEREZ RUBIO, TIMOTEO, 18961977/
Subdivisión general TRABAJOS PICTORICOS \ PEREZ RUBIO, TIMOTEO, 18961977 /
-- ENSAYOS, CONFERENCIAS, ETC.
650 14 - ENTRADA DE SUJETO AÑADIDO - TÉRMINO TÓPICO
Término tópico o elemento de entrada del nombre geográfico ARTE CONTEMPORANEO ESPAÑOL
650 14 - ENTRADA DE SUJETO AÑADIDO - TÉRMINO TÓPICO
Subdivisión general CATALOGOS
650 14 - ENTRADA DE SUJETO AÑADIDO - TÉRMINO TÓPICO
Término tópico o elemento de entrada del nombre geográfico PINTORES ESPAÑOLES
650 14 - ENTRADA DE SUJETO AÑADIDO - TÉRMINO TÓPICO
Término tópico o elemento de entrada del nombre geográfico PINTURA ESPAÑOLA
700 1# - ENTRADA AGREGADA - NOMBRE PERSONAL
Nombre de la persona Vélez Izquierdo, Obdulia \ Pedrazo Polo, Miguel \ Franco Domínguez, Antonio
Holdings
Estado de retirada Pérdida de estatus Estado dañado No para préstamo Código de recogida Ubicación permanente Ubicación actual Ubicación de las estanterías Fecha de adquisición Número de llamada completo Código de barras Fecha de la última vez que se vio Número de copia Precio efectivo desde Tipo de artículo Koha
        General ArtNexus ArtNexus General 06/09/2022 P-SP-00 P27T1 2159 06/09/2022 Ej.1 06/09/2022 Libro

Powered by Koha